Lecturas históricas españolas

Saved in:
Bibliografiske detaljer
Main Authors: Sánchez-Albornoz, Claudio (Author), Viñas, Aurelio (Author)
Format: Bog
Sprog:spansk
Udgivet: Madrid, España Rialp 1984
Udgivelse:Cuarta edición
Serier:Libros de Historia Ralp, 6
Fag:
Tags: Tilføj Tag
Ingen Tags, Vær først til at tagge denne postø!

MARC

LEADER 00000nam a2200000 a 4500
001 UCW8299
003 CL-VaPUC
005 20210521001536.0
008 880802e19840000SP |||||||||||||||||spa|d
999 |c 220716  |d 220714 
020 |a 8432120863 
040 |c Pontificia Universidad Católica de Valparaíso 
082 0 4 |a 946 SAN 1984  |2 21 
100 0 |a Sánchez-Albornoz, Claudio  |e author  |9 313434 
245 1 0 |a Lecturas históricas españolas 
250 |a Cuarta edición 
260 |a Madrid, España  |b Rialp  |c 1984 
300 |a 481 páginas 
490 0 |a Libros de Historia Ralp,  |v  6 
583 |a last modification  |c 20140820 03:16:38  |k Rodrigo Vera 
650 0 |a Historia de Chile  |z ESPAÑA  |9 265473 
650 0 |a Historia naval  |z CHILE  |z ESPAÑA  |9 268284 
650 0 |a Biografías  |z CHILE  |z ESPAÑA  |9 255210 
700 0 |a Viñas, Aurelio  |e author  |9 313435 
852 |a BIBCUR 
942 |c BK  |2 ddc 
945 |d 19880802 00:00:00 
952 |0 0  |1 0  |2 ddc  |4 0  |6 946_000000000000000_SAN_1984  |7 0  |8 A  |9 213279  |a BIBHIS  |b BIBHIS  |d 2019-11-15  |i 2816377  |o 946 SAN 1984  |p 2816377  |r 2025-01-20  |t 1  |w 2019-11-15  |y BK  |k HIS